LEADER 03416nam 2200589 450 001 9910464500303321 005 20200520144314.0 010 $a0-203-83625-1 035 $a(CKB)3710000000111072 035 $a(EBL)614862 035 $a(SSID)ssj0000802204 035 $a(PQKBManifestationID)11421773 035 $a(PQKBTitleCode)TC0000802204 035 $a(PQKBWorkID)10795598 035 $a(PQKB)10678509 035 $a(MiAaPQ)EBC614862 035 $a(Au-PeEL)EBL614862 035 $a(CaPaEBR)ebr10872622 035 $a(CaONFJC)MIL609955 035 $a(OCoLC)828746003 035 $a(EXLCZ)993710000000111072 100 $a20140531e20111978 uy 0 101 0 $aeng 135 $aur|n|---||||| 181 $ctxt 182 $cc 183 $acr 200 10$aEconomic planning and social justice in developing countries /$fOzay Mehmet 210 1$aAbingdon, Oxon ;$aNew York, New York :$cRoutledge,$d2011. 210 4$dİ1978 215 $a1 online resource (481 p.) 225 0 $aRoutledge library editions: Development ;$vVolume 75 300 $aDescription based upon print version of record. 311 $a1-138-86568-0 311 $a0-415-59611-4 320 $aIncludes bibliographical references and index. 327 $aCover; Half Title; Title Page; Copyright Page; Original Title Page; Original Copyright Page; Table of Contents; Acknowledgements; Preface; Part One: Economic Growth Without SocialJustice; 1. What Was Wrong with Post-War Planning in LDCs?; 2. Distribution Effects of Growth: The Evidence; 3. Absolute Poverty: Measurement and Identification; 4. The Unemployment Problem of the LDCs; Part Two: Some Case-Studies of the Influence of Elites on Economic Planning and Polic; 5. Malaysia: From Colonial to Bumiputra Elitism; 6. Liberia: The Americo-Liberian Elite 327 $a7. Absolute Poverty: Measurement and IdentificationPart Three: Egalitarian Planning and Reform in LD; 8. Towards More Egalitarian Development Planning; 9. An Egalitarian Employment Policy Based on Manpower Planning; 10. Educational Planning: Shifting from Elitist to Egalitarian Principles; 11. Egalitarian Planning and Rural Development; 12. Global Equity: Reforming the International Trade and Aid System; 13. Summing Up: Egalitarian Planning as a Non-Violent Revolution; Index 330 $aFirst published in 1978, this book was written at a time when belief was high in Western-guided economic development of the emerging countries. The success of Marshall Plan in war-torn Europe generated a US-led optimism that, with generous inflows of aid and technical assistance, the Third World could be won over in the Cold War. The author's direct experience as a young academic economist in Cyprus, Malaysia, Uganda and Liberia led him to question this general optimism: the reality on the ground in the developing world did not seem to match Western optimism. Theories and blueprints, made i 606 $aEconomic development$xSocial aspects 607 $aDeveloping countries$xEconomic policy 608 $aElectronic books. 615 0$aEconomic development$xSocial aspects. 676 $a338.9/009172/4 700 $aMehmet$b Ozay$0252628 801 0$bMiAaPQ 801 1$bMiAaPQ 801 2$bMiAaPQ 906 $aBOOK 912 $a9910464500303321 996 $aEconomic planning and social justice in developing countries$9843219 997 $aUNINA LEADER 02539nam 2200589 a 450 001 9910967769503321 005 20240509123403.0 010 $a9783836622981 010 $a383662298X 035 $a(CKB)2670000000053222 035 $a(EBL)594979 035 $a(OCoLC)679421034 035 $a(SSID)ssj0000654966 035 $a(PQKBManifestationID)12256581 035 $a(PQKBTitleCode)TC0000654966 035 $a(PQKBWorkID)10596309 035 $a(PQKB)11485175 035 $a(MiAaPQ)EBC594979 035 $a(Au-PeEL)EBL594979 035 $a(CaPaEBR)ebr10487505 035 $a(Perlego)1740978 035 $a(EXLCZ)992670000000053222 100 $a20110824d2009 uy 0 101 0 $aeng 135 $aur|n|---||||| 181 $ctxt 182 $cc 183 $acr 200 10$aCollapse analysis of externally prestressed structures /$fJens Tandler 205 $a1st ed. 210 $aHamburg $cDiplomica Verlag$d2009 215 $a1 online resource (148 p.) 300 $aTitle from cover. 311 08$a9783836672986 311 08$a3836672987 320 $aIncludes bibliographical references. 327 $aCollapse analysis of externally prestressed structures; Abstract; Contents at a Glance; Contents; Acknowledgements; Notation; 1 Introduction; 2 Behaviour of externally prestressed structures; 3 Collapse analysis; 4 Results; 5 Discussion of the results; 6 Conclusion and Recommendations; References; Codes of practice; Appendix 330 $aThe use of external prestressing is becoming more popular throughout Europe due to their expected higher durability and the possibility of active maintenance of the prestressing cables. Questions have been raised about the behaviour of these structures beyond service loads.A comprehensive numerical analysis has been carried out comparing the behaviour of three different types of externally prestressed bridges to a conventionally internally prestressed bridge. The external types are a monolithically built bridge with external tendons, a monolithically built bridge with external tendons and 606 $aPrestressed construction 606 $aBuilding failures 615 0$aPrestressed construction. 615 0$aBuilding failures. 676 $a624.28 676 $a624/.28 700 $aTandler$b Jens$01803968 801 0$bMiAaPQ 801 1$bMiAaPQ 801 2$bMiAaPQ 906 $aBOOK 912 $a9910967769503321 996 $aCollapse analysis of externally prestressed structures$94351790 997 $aUNINA